The Breakfast Club - Statistics

General Stats
  • This quiz has been taken 59 times
  • The average score is 3 of 5
Answer Stats
Picture Hint Answer % Correct
The Criminal John Bender
85%
The Athlete Andrew Clark
63%
The Brain Brian Johnson
63%
The Basket Case Allison Reynolds
48%
The Princess Claire Standish
43%
No matching quizzes found
Score Distribution
Percent of People with Each Score
Percentile by Number Answered
Your Score History
You have not taken this quiz